[Event "GER-chT10 KJ-33 Br03 email"]
[Site "GER email"]
[Date "2013.10.04"]
[Round "?"]
[White "Von de Heydt, Hans Joachim"]
[Black "Moedl, Willi"]
[Result "1/2-1/2"]
[WhiteElo "1905"]
[BlackElo "1907"]
[PlyCount "77"]
[EventDate "2013.10.15"]
[EventType "tourn (corr)"]
[EventRounds "4"]
[EventCountry "GER"]
[SourceTitle "Corr 2015"]
[Source "ChessBase"]
[SourceDate "2015.07.17"]
[SourceVersion "1"]
[SourceVersionDate "2015.07.17"]
[SourceQuality "1"]

1. e4 e5 2. Nf3 Nc6 3. Bb5 a6 4. Ba4 Nf6 5. 0-0 Be7 6. Re1 b5 7. Bb3 d6 8. c3 0-0 9. h3 Na5 10. Bc2 c5 11. d4 Qc7 12. d5 Bd7 13. b3 Nb7 14. Nbd2 g6 15. c4 b4 16. Nf1 a5 17. a4 Nh5 18. Bh6 Rfe8 19. Ng3 Nxg3 20. fxg3 f6 21. Rf1 Nd8 22. Be3 Nf7 23. Rf2 h5 24. Nh2 Kg7 25. Qd3 Rh8 26. Raf1 Raf8 27. Qd2 Ng5 28. Qc1 Qc8 29. Bb1 Qd8 30. Bd3 Qc8 31. Kh1 Qd8 32. Qd1 Qc8 33. Qc1 Qd8 34. Qd2 Qc8 35. Bc2 Qd8 36. h4 Nf7 37. Qe1 Qc8 38. Rf3 Nh6 39. Kg1 1/2-1/2